000 00607nam a22002297a 4500
003 UA-OsUOA
001 96545
007 ta
008 20130319b un ||||| |||| 00| 0 ukr d
100 _aЛупан А.
090 _a821.135.2
_bЛ85
942 _cBK
040 _aUA-OsUOA
_bukr
_cUA-OsUOA
_dUA-OsUOA
245 _aОбрести себя
_bроманы
300 _a588 с.
955 _a3
041 _aukr
080 _a821.135.2
260 _aМ.
_bСоветский писатель
_c1987
650 7 _a82 Література. Літературознавство
_2UDC
999 _c382777
_d382777